banner-ar

MICROSFT WORD FOR WINDOWS: TUTORIAL APPLICATIONS / (Record no. 16999)

MARC details
000 -الفاتح
حقل البيانات ثابتة الطول 00577nam a2200193Ia 4500
008 - عناصر البيانات ثابتة الطول - معلومات عامة
حقل البيانات ثابتة الطول 140319s9999 xx 000 0 eng d
040 ## - مصدر الفهرسة
وكالة الفهرسة الأصلية GCL /
وكالة النسخ GCL
082 04 - رقم تصنيف ديوى العشرى
رقم التصنيف 005.43
رقم المادة L M
100 1# - المدخل الرئيسى - إسم شخصى
الإسم الشخصى MORRISON,CONNIE
245 10 - بيان العنوان
العنوان MICROSFT WORD FOR WINDOWS: TUTORIAL APPLICATIONS /
بيان المسئوليه,etc MORRISON,CONNIE
700 1# - المدخل الاضافى - اسم شخصى
الإسم الشخصى LEWIS, BRENDA
260 ## - PUBLICATION, DISTRIBUTION, ETC. (IMPRINT)
تاريخ النشر أو التوزيع 1994
300 ## - الوصف المادى
التعداد 411 PP
650 04 - المدخل الاضافى بالموضوع-مصطلح موضوعى
مصطلح موضوعي MS - DOS ( COMPUTER OPERATING SYSTEM )
650 04 - المدخل الاضافى بالموضوع-مصطلح موضوعى
مصطلح موضوعي MICROSOFT FILE ( COMPUTER PROGRAME )
650 04 - المدخل الاضافى بالموضوع-مصطلح موضوعى
مصطلح موضوعي WINDOWS PROGRAM
942 ## - عناصر المدخل الإضافي( كوها)
مصدر التصنيف او مخطط الترفيف Dewey Decimal Classification
Koha [default] item type كتاب
260 ## - PUBLICATION, DISTRIBUTION, ETC. (IMPRINT)
-- [S.N] :
-- SOUTH-WEATERN PUBISHING CO ،
Holdings
حالة التراجع حالة الفقد حالة تلف ليس للاعارة المكان المؤقت الموقع الحالى تاريخ الاكتساب اجمالي اﻻعارات رقم الطلب الباركود تاريخ اخر مشاهدة تاريخ تفعيل السعر نوع وعاء كوها
        مكتبة القاهرة الكبرى مكتبة القاهرة الكبرى 03/26/2014   005.43\L M 30698 03/26/2014 03/26/2014 كتاب

Powered By

EGPV